00770nam a2200181Ia 4500003000400000005001700004008004100021020001500062040002100077041000800098082001400106100005200120245006200172260003600234300002900270520026700299650002200566OSt20250414151018.0191128t1989 ck er 000 f spa d a9580600066 aCO-JMCRcCO-JMCR aspa04aA-NbGARg1 aGarcía Márquez, Gabriel, d1927-2014eautor 0aEl general en su laberinto / cGabriel García Márquez aBogotá : bOveja Negra,c1989 a284 páginas ; c21 cm. aGarcía Márquez retrata con pulso magistral la figura de Simón Bolívar, que transmutó el destino de América. «José Palacios, su servidor más antiguo, lo encontró flotando en las aguas depurativas de la bañera, desnudo y con los ojos abiertos"14aNovela colombiana